[Event "BL 9394 Dresden-Zähringen"]
[Site "?"]
[Date "1994.??.??"]
[Round "?.3"]
[White "Maier, C."]
[Black "Lanka, Z."]
[Result "0-1"]
[WhiteElo "2355"]
[BlackElo "2535"]
[PlyCount "86"]
[EventDate "1994.??.??"]

1. e4 c5 2. Nf3 Nc6 3. Bb5 g6 4. O-O Bg7 5. Re1 e5 6. Bxc6 dxc6 7. d3 Qe7 8.
Nbd2 Nf6 9. b4 cxb4 10. a3 b3 11. cxb3 O-O 12. Bb2 Nh5 13. Nc4 Bg4 14. h3 Bxf3
15. Qxf3 Rad8 16. Rad1 Rd7 17. d4 exd4 18. e5 Bh6 19. Rxd4 Rfd8 20. Rxd7 Rxd7
21. Rd1 Rxd1+ 22. Qxd1 Nf4 23. Ne3 Bg7 24. Ng4 h5 25. Qf3 hxg4 26. Qxf4 gxh3
27. gxh3 Qe6 28. Qe3 b6 29. b4 Bf8 30. Kg2 Qd5+ 31. Qf3 Bh6 32. Qxd5 cxd5 33.
Kg3 Kf8 34. f4 Ke7 35. Bd4 Ke6 36. Kg4 Bf8 37. h4 Be7 38. Be3 f5+ 39. Kg3 Kd7
40. h5 gxh5 41. b5 Bxa3 42. Kh4 Bb2 43. Kxh5 d4 0-1

[Event "BL 9394 Dresden-Zähringen"]
[Site "?"]
[Date "1994.??.??"]
[Round "?.4"]
[White "Borriss, M."]
[Black "Vatter, HJ."]
[Result "0-1"]
[WhiteElo "2375"]
[BlackElo "2330"]
[PlyCount "70"]
[EventDate "1994.??.??"]

1. e4 c5 2. Nf3 e6 3. d4 cxd4 4. Nxd4 a6 5. Bd3 Bc5 6. Nb3 Ba7 7. O-O d6 8. Qg4
Nf6 9. Qxg7 Rg8 10. Qh6 Rg6 11. Qh4 Rg4 12. Qh6 Rg6 13. Qh4 Rg4 14. Qh3 e5 15.
Qf3 Rg6 16. h3 Nc6 17. Be3 Be6 18. Bxa7 Nxa7 19. Nc3 Qe7 20. Nd5 Bxd5 21. exd5
Rg5 22. c4 O-O-O 23. h4 Rh5 24. g3 Rg8 25. Bf5+ Kb8 26. Kh2 e4 27. Qf4 Ng4+ 28.
Kh3 Qf6 29. Nd4 Nh6 30. Bxe4 Qxf4 31. gxf4 Rg4 32. Nf3 Rxf4 33. Rae1 f5 34. Kg3
Rg4+ 35. Kh3 fxe4 0-1

[Event "BL 9394 Dresden-Zähringen"]
[Site "?"]
[Date "1994.??.??"]
[Round "?.5"]
[White "Brendel, O."]
[Black "Goldberg, A."]
[Result "1/2-1/2"]
[WhiteElo "2360"]
[BlackElo "2405"]
[PlyCount "101"]
[EventDate "1994.??.??"]

1. e4 e5 2. Nf3 Nc6 3. Bb5 a6 4. Ba4 Nf6 5. d4 Nxd4 6. Nxe5 Ne6 7. Nc3 Bb4 8.
Qf3 Nc5 9. Bb3 Nxb3 10. axb3 Qe7 11. Nd3 Bxc3+ 12. bxc3 Qxe4+ 13. Qxe4+ Nxe4
14. O-O O-O 15. Re1 d5 16. f3 Nxc3 17. Ba3 Bf5 18. Bxf8 Kxf8 19. Re5 Bxd3 20.
cxd3 Re8 21. Rxe8+ Kxe8 22. Re1+ Kd7 23. d4 Nb5 24. Rd1 b6 25. Kf2 Kd6 26. Ke3
c5 27. dxc5+ bxc5 28. Ra1 Nc7 29. Kd3 Kc6 30. Re1 Ne6 31. g3 Nd4 32. Re7 Nxf3
33. h4 g6 34. Kc3 h5 35. Rxf7 d4+ 36. Kb2 Ne5 37. Rf6+ Kd5 38. Rxa6 c4 39.
bxc4+ Nxc4+ 40. Kc1 Ne5 41. Kd2 Ke4 42. Re6 Kf5 43. Re8 Ke4 44. Rf8 Nc4+ 45.
Ke2 d3+ 46. Kf2 Kd4 47. Rd8+ Ke4 48. Rf8 Kd4 49. Rd8+ Kc3 50. Rc8 Kd4 51. Rd8+
1/2-1/2

[Event "BL 9394 Dresden-Zähringen"]
[Site "?"]
[Date "1994.??.??"]
[Round "?.6"]
[White "Andresen, S."]
[Black "Gruenenwald, J."]
[Result "1-0"]
[WhiteElo "2370"]
[BlackElo "2320"]
[PlyCount "75"]
[EventDate "1994.??.??"]

1. c4 g6 2. Nc3 Bg7 3. d4 Nf6 4. e4 d6 5. f3 O-O 6. Be3 Nc6 7. Nge2 a6 8. Qd2
Rb8 9. h4 e5 10. d5 Na5 11. Ng3 c5 12. h5 Bd7 13. Bg5 b5 14. O-O-O b4 15. Nb1
Ba4 16. Qe3 Bxd1 17. Kxd1 Qd7 18. Qf2 Qa4+ 19. b3 Qd7 20. Bd3 Nb7 21. Nf5 gxf5
22. h6 Bh8 23. Qg3 f4 24. Bxf4+ Ng4 25. Be3 Bf6 26. fxg4 Kh8 27. Rf1 Qd8 28. g5
Rg8 29. Rf5 Be7 30. Nd2 f6 31. Nf3 Qe8 32. Qh3 fxg5 33. Nxg5 Nd8 34. Be2 Rb7
35. Bh5 Qd7 36. Qf3 a5 37. Rf7 Rxg5 38. Bxg5 1-0

[Event "BL 9394 Dresden-Zähringen"]
[Site "?"]
[Date "1994.??.??"]
[Round "?.7"]
[White "Herbrechtsmeier, C."]
[Black "Kaminski, U."]
[Result "1/2-1/2"]
[WhiteElo "2320"]
[BlackElo "2390"]
[PlyCount "182"]
[EventDate "1994.??.??"]

1. e4 c5 2. Nf3 d6 3. d4 cxd4 4. Nxd4 Nf6 5. Nc3 Nc6 6. Be3 e5 7. Nf3 h6 8. Bc4
Be7 9. h3 Be6 10. Bb3 O-O 11. O-O Na5 12. Qe2 Rc8 13. Rfd1 Nc4 14. Nd5 Bxd5 15.
exd5 Nxe3 16. Qxe3 Qb6 17. Qxb6 axb6 18. Re1 Rc7 19. Rad1 Rd8 20. c3 g6 21. Nd2
Rdc8 22. Nf1 Nd7 23. Re4 Bd8 24. Rb4 Rc5 25. Ba4 Nf6 26. Ne3 Kg7 27. Bb5 Ra8
28. a3 Ra5 29. a4 Ra8 30. Kf1 Rac8 31. Ke2 R8c7 32. Rc4 Kf8 33. Rxc5 Rxc5 34.
Bd3 Ke7 35. Ra1 Nh5 36. g3 f5 37. Rd1 Nf6 38. Bc2 e4 39. c4 Nd7 40. b3 Kf6 41.
f3 exf3+ 42. Kxf3 Ne5+ 43. Kg2 Kg7 44. h4 Rc7 45. Rf1 h5 46. Kh3 Bf6 47. Ng2
Rc8 48. Nf4 Kf7 49. Rf2 Re8 50. Re2 Bg7 51. Kg2 Bh6 52. Ne6 Kf6 53. Nc7 Rg8 54.
Nb5 Rd8 55. Nd4 Bc1 56. Re1 Bd2 57. Re2 Bc3 58. Nb5 Bb4 59. Nd4 Rd7 60. Bb1 Re7
61. Ne6 Nd7 62. Bc2 Nc5 63. Nd4 Re5 64. Kf3 Bc3 65. Nb5 Rxe2 66. Kxe2 Be5 67.
Kf3 Ne4 68. Nc7 Nxg3 69. Na8 g5 70. hxg5+ Kxg5 71. Nxb6 h4 72. Kg2 Kf4 73. b4
Ke3 74. c5 f4 75. Bd1 dxc5 76. bxc5 Ne4 77. c6 Bc7 78. cxb7 f3+ 79. Bxf3 h3+
80. Kxh3 Kxf3 81. Kh4 Kf4 82. a5 Nc5 83. Nc4 Na6 84. d6 Bd8+ 85. Kh5 Kf5 86.
Nb6 Bxb6 87. axb6 Ke6 88. Kg6 Kxd6 89. Kf7 Kc6 90. Ke7 Kxb7 91. Kd7 Kxb6
1/2-1/2

[Event "BL 9394 Dresden-Zähringen"]
[Site "?"]
[Date "1994.??.??"]
[Round "?.8"]
[White "Meyer, P."]
[Black "Weidemann, J."]
[Result "0-1"]
[WhiteElo "2345"]
[BlackElo "2285"]
[PlyCount "76"]
[EventDate "1994.??.??"]

1. Nf3 e6 2. c4 Be7 3. Nc3 d5 4. d4 Nf6 5. Bg5 O-O 6. e3 Ne4 7. Bxe7 Qxe7 8.
Qc2 Nxc3 9. Qxc3 Nc6 10. Rc1 Rd8 11. a3 a6 12. b4 Bd7 13. Be2 Be8 14. O-O f6
15. cxd5 exd5 16. Nd2 Rd6 17. Nb3 Bg6 18. a4 Rc8 19. b5 axb5 20. axb5 Nd8 21.
Bg4 f5 22. Bf3 Ne6 23. Qb4 Re8 24. Nc5 Ng5 25. Be2 f4 26. Nxb7 f3 27. gxf3 Bh5
28. Kh1 Qf6 29. Rg1 Bxf3+ 30. Bxf3 Qxf3+ 31. Rg2 Rg6 32. Qe1 Nh3 33. Qf1 Re4
34. Rxc7 Rxg2 35. Rc8+ Kf7 36. Rc7+ Re7 37. Nd6+ Ke6 38. Rxe7+ Kxd6 0-1

[Event "BL 9394 Bamberg-Dresden"]
[Site "?"]
[Date "1994.??.??"]
[Round "?.1"]
[White "Bologan, V."]
[Black "Pfleger, He"]
[Result "1/2-1/2"]
[WhiteElo "2585"]
[BlackElo "2485"]
[PlyCount "80"]
[EventDate "1994.??.??"]

1. e4 d6 2. d4 Nf6 3. Nc3 g6 4. f4 Bg7 5. Nf3 O-O 6. Be3 b6 7. Bc4 e6 8. Qe2 d5
9. Bd3 dxe4 10. Nxe4 Nbd7 11. O-O-O Bb7 12. Nxf6+ Nxf6 13. Kb1 Nd5 14. Bd2 c5
15. h4 cxd4 16. h5 Qf6 17. hxg6 hxg6 18. g3 Rfd8 19. Qh2 Nc3+ 20. bxc3 Bxf3 21.
Qh7+ Kf8 22. Bc1 Rac8 23. Ba3+ Rc5 24. c4 Bxh1 25. Rxh1 Qe7 26. Ka1 Qb7 27. g4
Qa6 28. Qh4 Ke8 29. Bb4 Qa4 30. a3 a5 31. Bxc5 bxc5 32. Ka2 Rb8 33. f5 Qc6 34.
Rb1 Rxb1 35. Kxb1 exf5 36. gxf5 gxf5 37. Qe1+ Kf8 38. Qxa5 Bf6 39. Qd2 Qe6 40.
Qf2 Kg7 1/2-1/2

[Event "BL 9394 Bamberg-Dresden"]
[Site "?"]
[Date "1994.??.??"]
[Round "?.3"]
[White "Lanka, Z."]
[Black "Hennings, A."]
[Result "1/2-1/2"]
[WhiteElo "2535"]
[BlackElo "2365"]
[PlyCount "73"]
[EventDate "1994.??.??"]

1. e4 e5 2. Nf3 d6 3. d4 Nf6 4. Nc3 Nbd7 5. Bc4 Be7 6. O-O c6 7. a4 O-O 8. Re1
h6 9. b3 Re8 10. Bb2 Qc7 11. h3 Bf8 12. a5 exd4 13. Nxd4 Nc5 14. Qf3 Be6 15.
Bf1 Rad8 16. a6 bxa6 17. b4 Rb8 18. Ba3 Ncd7 19. Bxa6 Ne5 20. Qe2 Bd7 21. Qf1
d5 22. exd5 cxd5 23. Nd1 Bxb4 24. Bxb4 Rxb4 25. c3 Rbb8 26. Rc1 Nc6 27. Ne3
Nxd4 28. cxd4 Qf4 29. Qd3 Rb2 30. Rf1 Rb6 31. Rb1 Rxb1 32. Rxb1 Qg5 33. Bb5
Bxb5 34. Rxb5 g6 35. Ra5 Nh5 36. Qe2 Re4 37. Rxa7 1/2-1/2

[Event "BL 9394 Bamberg-Dresden"]
[Site "?"]
[Date "1994.??.??"]
[Round "?.4"]
[White "Pribyl, M."]
[Black "Borriss, M."]
[Result "1-0"]
[WhiteElo "2360"]
[BlackElo "2375"]
[PlyCount "65"]
[EventDate "1994.??.??"]

1. e4 c5 2. Nf3 d6 3. d4 cxd4 4. Nxd4 Nf6 5. Nc3 Nc6 6. Be3 e5 7. Nb3 Be7 8. f3
Be6 9. Qd2 O-O 10. O-O-O a5 11. a4 Nb4 12. g4 Rc8 13. Kb1 d5 14. g5 Nd7 15.
exd5 Bf5 16. Na1 Bc5 17. Bb5 Nb6 18. Rhe1 Bd6 19. Bxb6 Qxb6 20. Ne4 Rfd8 21. c3
Na6 22. Nc2 Bf8 23. Ne3 Bg6 24. Nc4 Qc7 25. d6 Qc5 26. d7 Rc7 27. Ka1 Qe7 28.
Qd5 Bxe4 29. Rxe4 Qxg5 30. Rxe5 Qh4 31. Re8 Rdxd7 32. Bxd7 Rxc4 33. Qd6 1-0

[Event "BL 9394 Bamberg-Dresden"]
[Site "?"]
[Date "1994.??.??"]
[Round "?.6"]
[White "Loew, G."]
[Black "Heinatz, T."]
[Result "0-1"]
[WhiteElo "2245"]
[BlackElo "2355"]
[PlyCount "92"]
[EventDate "1994.??.??"]

1. e4 g6 2. d4 Bg7 3. Nc3 c6 4. Bc4 d6 5. Qf3 e6 6. Nge2 Nd7 7. O-O b5 8. Bb3
a6 9. a4 Bb7 10. Qg3 Qb8 11. Be3 b4 12. Nb1 Ngf6 13. f3 a5 14. Nd2 O-O 15. f4
Ba6 16. Rf2 d5 17. e5 Ne4 18. Nxe4 dxe4 19. f5 exf5 20. Nf4 Kh8 21. e6 fxe6 22.
Bxe6 Qe8 23. Bb3 Nf6 24. h3 Bc8 25. Qh4 Bd7 26. Rd1 Rd8 27. Rfd2 h6 28. Ne2 Nh5
29. d5 g5 30. Qe1 Rc8 31. Bd4 Nf6 32. Bc5 cxd5 33. Bxf8 Qxf8 34. Bxd5 Bxa4 35.
Be6 Re8 36. Bxf5 Qc5+ 37. Nd4 e3 38. Rd3 e2 39. R1d2 Bb5 40. Rf3 Nd5 41. c3
bxc3 42. bxc3 Nxc3 43. Rxc3 Bxd4+ 44. Rxd4 Qxd4+ 45. Kh1 Qd1 46. Rc1 Qxc1 0-1

[Event "BL 9394 Bamberg-Dresden"]
[Site "?"]
[Date "1994.??.??"]
[Round "?.7"]
[White "Andresen, S."]
[Black "Krauseneck, P."]
[Result "1-0"]
[WhiteElo "2370"]
[BlackElo "2310"]
[PlyCount "107"]
[EventDate "1994.??.??"]

1. c4 e5 2. Nc3 Nc6 3. e3 f5 4. d4 Bb4 5. d5 Bxc3+ 6. bxc3 Nce7 7. f4 e4 8. c5
d6 9. Qd4 Nf6 10. c4 c6 11. dxc6 Qa5+ 12. Bd2 Qxc5 13. cxb7 Bxb7 14. Rb1 Ba6
15. Qxc5 dxc5 16. Nh3 h6 17. Be2 Kf7 18. O-O Nc8 19. Ba5 Nd6 20. Rfc1 Ke6 21.
Rb3 Rac8 22. Nf2 Rhg8 23. Nd1 g5 24. Ra3 Rc6 25. Rc2 Nd7 26. Nb2 Rb8 27. Rb3
Rcc8 28. Be1 Rxb3 29. axb3 Rb8 30. Rc3 Nf7 31. Bg3 Rb4 32. Bd1 Nd8 33. Rc1 Nc6
34. Ra1 Bc8 35. Na4 g4 36. Nc3 Rb6 37. Nd5 Rb7 38. Be1 Ndb8 39. Bc3 Ne7 40. Nf6
Nbc6 41. Ra2 Kf7 42. Rd2 Be6 43. Rd6 Nb4 44. h3 Nd3 45. hxg4 Bxc4 46. g5 Ng6
47. Nh7 Bxb3 48. Rf6+ Ke8 49. Rxg6 Bxd1 50. Rg8+ Kd7 51. Rg7+ Kc6 52. Rxb7 Kxb7
53. gxh6 Bh5 54. Nf8 1-0

[Event "BL 9394 Bamberg-Dresden"]
[Site "?"]
[Date "1994.??.??"]
[Round "?.8"]
[White "Beuchler, H."]
[Black "Wegener, D."]
[Result "0-1"]
[WhiteElo "2220"]
[BlackElo "2295"]
[PlyCount "64"]
[EventDate "1994.??.??"]

1. e4 c5 2. Nf3 Nc6 3. d4 cxd4 4. Nxd4 Nf6 5. Nc3 d6 6. Bg5 e6 7. Qd2 a6 8.
O-O-O h6 9. Bxf6 Qxf6 10. g3 Bd7 11. Bh3 Nxd4 12. Qxd4 Qxd4 13. Rxd4 h5 14.
Rhd1 h4 15. g4 Bc6 16. R4d3 g5 17. Bf1 Bg7 18. h3 Be5 19. Bg2 Rc8 20. Kb1 b5
21. Ne2 Bb7 22. c3 f5 23. gxf5 exf5 24. f3 fxe4 25. fxe4 O-O 26. Nd4 Rf2 27.
Bh1 Rh2 28. Nf5 Rf8 29. Nh6+ Kg7 30. Ng4 Rxh1 31. Rxh1 Bxe4 32. Rhd1 Rf1 0-1

[Event "BL 9394 Zähringen-Erfurt"]
[Site "?"]
[Date "1994.??.??"]
[Round "?.1"]
[White "Kuczynski, R."]
[Black "Gavrikov, V."]
[Result "1/2-1/2"]
[WhiteElo "2510"]
[BlackElo "2590"]
[PlyCount "98"]
[EventDate "1994.??.??"]

1. e4 c5 2. Nf3 d6 3. d4 cxd4 4. Nxd4 Nf6 5. Nc3 a6 6. Be2 e5 7. Nb3 Be7 8. O-O
O-O 9. Be3 Be6 10. f4 exf4 11. Bxf4 Nc6 12. Kh1 Rc8 13. Qe1 Ne8 14. Rd1 Bf6 15.
Qg3 Be5 16. Bxe5 Nxe5 17. Nd4 Nf6 18. Nf5 Bxf5 19. Rxf5 Re8 20. Rdf1 Nfd7 21.
Qf2 Nf6 22. Qg3 Re6 23. h3 Kh8 24. Qf2 Rc5 25. Bd3 Re8 26. a3 Rc6 27. Qg3 Rc5
28. Qf2 b5 29. Qg3 Re6 30. Ne2 Ng6 31. Nc3 Ne5 32. Ne2 Nc6 33. Qf2 Rxf5 34.
Qxf5 Re8 35. Nc3 Ne5 36. Qf2 Kg8 37. Qd4 Qc7 38. Qf2 Qc5 39. Qg3 Ng6 40. Rf5
Qd4 41. Qf2 Qxf2 42. Rxf2 Ne5 43. Rd2 Kf8 44. Kg1 Rc8 45. Kf2 Ke7 46. Ke3 h5
47. Bf1 Rc5 48. Nd1 Ke6 49. c3 Nc6 1/2-1/2

[Event "BL 9394 Zähringen-Erfurt"]
[Site "?"]
[Date "1994.??.??"]
[Round "?.3"]
[White "Maiwald, JU."]
[Black "Maier, C."]
[Result "0-1"]
[WhiteElo "2490"]
[BlackElo "2355"]
[PlyCount "156"]
[EventDate "1994.??.??"]

1. d4 Nf6 2. c4 g6 3. Nc3 Bg7 4. e4 d6 5. Bd3 e5 6. d5 O-O 7. Nge2 Na6 8. O-O
Nh5 9. Be3 c5 10. Qd2 f5 11. exf5 gxf5 12. f4 e4 13. Bc2 Nf6 14. h3 Nc7 15. a3
Bd7 16. b4 b6 17. Rab1 Kh8 18. a4 Rg8 19. Na2 Qe8 20. Nec3 Qg6 21. a5 Nce8 22.
Rf2 Bh6 23. bxc5 bxc5 24. Ne2 Ng7 25. Nac3 Nge8 26. Bd1 Nc7 27. Rb7 Na6 28. Na2
Bc8 29. Rb3 Nc7 30. Qc1 Ba6 31. Bd2 Rae8 32. Rg3 Qf7 33. Ba4 Ref8 34. Bc3 Rxg3
35. Nxg3 Qg6 36. Nf1 Bg7 37. Bb2 Nh5 38. Qa1 Bxc4 39. Ne3 Bxd5 40. Nc3 Be6 41.
Bc6 Qg3 42. Nf1 Qg6 43. Ne3 Bg8 44. a6 Ne6 45. Ne2 Bxb2 46. Qxb2+ Qg7 47. Qxg7+
Nhxg7 48. Bb7 Nd4 49. Nc3 Nge6 50. Ncd5 Nd8 51. Rb2 N8c6 52. Rd2 Bxd5 53. Nxd5
Kg7 54. Kf2 Kf7 55. g4 Ke6 56. Bxc6 Nxc6 57. Nc7+ Ke7 58. gxf5 Nb4 59. Ke3 Kd7
60. Ne6 Rxf5 61. Ng5 Nd5+ 62. Kxe4 Rxf4+ 63. Kxd5 Rf5+ 64. Ke4 Rxg5 65. Rb2 Rh5
66. Rb7+ Kc6 67. Rxa7 Rxh3 68. Rf7 Ra3 69. a7 h5 70. Kf5 Kd5 71. Kg5 c4 72.
Kxh5 c3 73. Kg4 Kd4 74. Rc7 d5 75. Kf5 Kd3 76. Ke5 d4 77. Kd5 c2 78. Rc4 Ra5+
0-1

[Event "BL 9394 Zähringen-Erfurt"]
[Site "?"]
[Date "1994.??.??"]
[Round "?.4"]
[White "Schuh, H."]
[Black "Jasnikowski, Z."]
[Result "1/2-1/2"]
[WhiteElo "2345"]
[BlackElo "2475"]
[PlyCount "26"]
[EventDate "1994.??.??"]

1. d4 Nf6 2. c4 g6 3. g3 c6 4. Bg2 d5 5. cxd5 cxd5 6. Nc3 Bg7 7. Nf3 O-O 8. Ne5
e6 9. O-O Nfd7 10. f4 Nc6 11. Be3 Ndxe5 12. fxe5 f6 13. exf6 Rxf6 1/2-1/2

[Event "BL 9394 Zähringen-Erfurt"]
[Site "?"]
[Date "1994.??.??"]
[Round "?.5"]
[White "Schwarz, M."]
[Black "Brendel, O."]
[Result "1/2-1/2"]
[WhiteElo "2390"]
[BlackElo "2360"]
[PlyCount "82"]
[EventDate "1994.??.??"]

1. c4 g6 2. g3 Bg7 3. d4 Nf6 4. Bg2 O-O 5. Nf3 d6 6. O-O Nbd7 7. Qc2 e5 8. Rd1
Re8 9. dxe5 dxe5 10. e4 c6 11. h3 Qe7 12. Be3 Nc5 13. Nbd2 a5 14. b3 Rd8 15. a3
Be6 16. Nxe5 Nfxe4 17. Nxe4 Nxe4 18. Qxe4 Bf5 19. Nxc6 Qxe4 20. Bxe4 bxc6 21.
Bxc6 Bxa1 22. Rxa1 Rab8 23. Bb5 Bxh3 24. Bf4 Rb7 25. b4 axb4 26. axb4 Bg4 27.
Kg2 f6 28. Rb1 g5 29. Be3 Rdb8 30. Bd4 Kf7 31. Ra1 Be6 32. Ra5 h5 33. Bc5 Bd5+
34. cxd5 Rxb5 35. Ra6 Rd8 36. Ra7+ Kg6 37. d6 Kf5 38. Rh7 Ke6 39. Re7+ Kf5 40.
Rh7 Ke6 41. Rxh5 Rxd6 1/2-1/2

[Event "BL 9394 Zähringen-Erfurt"]
[Site "?"]
[Date "1994.??.??"]
[Round "?.6"]
[White "Gruenenwald, J."]
[Black "Enders, P."]
[Result "0-1"]
[WhiteElo "2320"]
[BlackElo "2465"]
[PlyCount "98"]
[EventDate "1994.??.??"]

1. d4 Nf6 2. c4 g6 3. Nc3 Bg7 4. e4 d6 5. f3 O-O 6. Be3 Nc6 7. Qd2 a6 8. Nge2
Rb8 9. Nc1 e5 10. d5 Nd4 11. N1e2 Nxe2 12. Bxe2 Nh5 13. g3 Bd7 14. c5 f5 15.
Rg1 Qe7 16. b4 Ra8 17. a4 a5 18. cxd6 Qxd6 19. Bc5 Qf6 20. b5 Kh8 21. O-O-O
Rfd8 22. Kb2 Rab8 23. Nb1 Be8 24. Qc3 Rdc8 25. Nd2 c6 26. dxc6 bxc6 27. b6 Bf7
28. Qxa5 Nf4 29. Bc4 Nd5 30. Qa7 fxe4 31. fxe4 Nxb6 32. Bxb6 Qf2 33. Qxf7 Qxb6+
34. Bb3 Rd8 35. Rgf1 Qb4 36. Nf3 Rd5 37. Nd2 Rxd2+ 38. Rxd2 Qxd2+ 39. Ka1 Qd4+
40. Ka2 Qxe4 41. Rc1 Rf8 42. Qa7 Qg2+ 43. Rc2 Qh1 44. Qb7 e4 45. Ka3 Qa1+ 46.
Kb4 Qe1+ 47. Kc5 Qa5+ 48. Kxc6 Rf6+ 49. Kd7 Qf5+ 0-1

[Event "BL 9394 Zähringen-Erfurt"]
[Site "?"]
[Date "1994.??.??"]
[Round "?.7"]
[White "Mueller, Mat"]
[Black "Herbrechtsmeier, C."]
[Result "1-0"]
[WhiteElo "2350"]
[BlackElo "2320"]
[PlyCount "81"]
[EventDate "1994.??.??"]

1. e4 c5 2. Nf3 Nc6 3. d4 cxd4 4. Nxd4 g6 5. c4 Nf6 6. Nc3 d6 7. Be2 Nxd4 8.
Qxd4 Bg7 9. O-O O-O 10. Qe3 Be6 11. Rb1 Qb6 12. Qd3 Rfc8 13. b3 Qd8 14. Bg5 a6
15. a4 Nd7 16. Nd5 Bxd5 17. exd5 Bf6 18. h4 Qf8 19. Qe3 a5 20. Bg4 Bxg5 21.
hxg5 Rc7 22. Bxd7 Rxd7 23. Rbd1 Rc7 24. Rd4 Qg7 25. Re4 Qb2 26. Re1 Rac8 27.
Qh3 Re8 28. Qe3 Rec8 29. g3 Rd7 30. Kg2 Rcc7 31. Rh1 Qg7 32. Qa7 Rc5 33. Qb8+
Qf8 34. Qxf8+ Kxf8 35. Rxh7 e6 36. dxe6 Re7 37. Rxf7+ Rxf7 38. exf7 Kxf7 39. f4
b6 40. Kf3 d5 41. Re5 1-0

[Event "BL 9394 Zähringen-Erfurt"]
[Site "?"]
[Date "1994.??.??"]
[Round "?.8"]
[White "Weidemann, J."]
[Black "Troyke, C."]
[Result "1/2-1/2"]
[WhiteElo "2285"]
[BlackElo "2375"]
[PlyCount "161"]
[EventDate "1994.??.??"]

1. e4 c5 2. Nf3 Nc6 3. d4 cxd4 4. Nxd4 g6 5. c4 Bg7 6. Be3 Nf6 7. Nc3 O-O 8.
Be2 d6 9. O-O Bd7 10. Qd2 Nxd4 11. Bxd4 Bc6 12. f3 a5 13. Rac1 Nd7 14. Be3 Nc5
15. Rfd1 Qb6 16. Kh1 Rfc8 17. Rc2 Qd8 18. Qe1 Qf8 19. Qh4 Bf6 20. Bg5 Bxg5 21.
Qxg5 b6 22. Rcd2 Ra7 23. Qe3 Rd7 24. f4 Rdd8 25. Bg4 Rb8 26. Kg1 Re8 27. Re1
Qh6 28. Qf2 Rbd8 29. Nd5 Bxd5 30. cxd5 e5 31. dxe6 fxe6 32. g3 Qf8 33. Qe2 d5
34. exd5 exd5 35. Qd1 Rxe1+ 36. Qxe1 d4 37. Qe5 Qd6 38. Qxd6 Rxd6 39. Bf3 Kf7
40. Kf2 Kf6 41. g4 h5 42. gxh5 gxh5 43. Ke1 Kf5 44. Bxh5 d3 45. Rg2 Kxf4 46.
Kd1 Rh6 47. Bf7 Ke3 48. Bd5 Rf6 49. Rg3+ Kd4 50. Bf3 Nd7 51. Ke1 Ne5 52. Bd1
Rf4 53. Rg8 Rh4 54. Rg2 Nc4 55. Rg4+ Rxg4 56. Bxg4 d2+ 57. Ke2 Ne3 58. Kxd2
Nxg4 59. h3 Ne5 60. Kc2 Nf3 61. Kb3 b5 62. Kc2 a4 63. Kc1 b4 64. Kc2 Kc4 65.
Kc1 Kd3 66. Kd1 Nh4 67. Kc1 Ke2 68. Kc2 Nf5 69. Kc1 Kd3 70. Kd1 Ne3+ 71. Kc1
Nc4 72. h4 Ke4 73. h5 Kf5 74. Kc2 Kg5 75. b3 Kxh5 76. bxc4 Kg5 77. Kd3 Kf5 78.
c5 Ke5 79. Kc4 b3 80. axb3 axb3 81. Kxb3 1/2-1/2

[Event "BL 9394 Dortmund-Erfurt"]
[Site "?"]
[Date "1994.??.??"]
[Round "?.1"]
[White "Casper, T."]
[Black "Beckhuis, G."]
[Result "1-0"]
[WhiteElo "2440"]
[BlackElo "2195"]
[PlyCount "75"]
[EventDate "1994.??.??"]

1. e4 e6 2. d4 d5 3. Nc3 Bb4 4. exd5 exd5 5. Bd3 Nc6 6. a3 Ba5 7. Nge2 Nge7 8.
O-O O-O 9. Be3 Bf5 10. Ng3 Bg6 11. Nce2 Qd7 12. Nf4 Nd8 13. Nxg6 hxg6 14. h4 f5
15. Ne2 c6 16. Nf4 Ne6 17. h5 Nxf4 18. Bxf4 Bc7 19. Bxc7 Qxc7 20. Re1 Qd6 21.
Qe2 Rae8 22. Qf3 Qf6 23. Re5 gxh5 24. Qxh5 Qf7 25. Qxf7+ Rxf7 26. Rae1 Kf8 27.
g4 Rd8 28. gxf5 Nc8 29. R1e3 Nd6 30. Rh3 Kg8 31. c3 Rdf8 32. Rh5 Rf6 33. Kg2
R8f7 34. Rg5 b5 35. Rg6 Kf8 36. Re6 Nxf5 37. Rgxf6 Rxf6 38. Rxf6+ 1-0

[Event "BL 9394 Dortmund-Erfurt"]
[Site "?"]
[Date "1994.??.??"]
[Round "?.2"]
[White "Mainka, G."]
[Black "Maiwald, JU."]
[Result "0-1"]
[WhiteElo "2385"]
[BlackElo "2490"]
[PlyCount "76"]
[EventDate "1994.??.??"]

1. d4 d6 2. Nf3 Bg4 3. Bf4 Bxf3 4. gxf3 Nd7 5. e4 g6 6. Nc3 a6 7. Qd2 Bg7 8.
O-O-O c5 9. dxc5 Nxc5 10. Kb1 Qa5 11. Nd5 Qxd2 12. Rxd2 Ne6 13. Be3 Nf6 14.
Nxf6+ Bxf6 15. f4 Rc8 16. Bg2 O-O 17. h4 Rc4 18. h5 Rfc8 19. hxg6 hxg6 20. c3
b5 21. a3 Kg7 22. f5 Ng5 23. fxg6 Nxe4 24. Re2 d5 25. gxf7 e6 26. Bc1 Kxf7 27.
Rh7+ Kg6 28. Rh6+ Kg7 29. f3 Rxc3 30. Rh1 Ng3 31. Rxe6 Rc2 32. Rg1 Bd4 33. Rd1
Rxg2 34. Rxd4 Rg1 35. Rxd5 a5 36. Rxb5 Rcxc1+ 37. Ka2 a4 38. Rb7+ Kf8 0-1

[Event "BL 9394 Dortmund-Erfurt"]
[Site "?"]
[Date "1994.??.??"]
[Round "?.3"]
[White "Schwarz, M."]
[Black "Kalka, A."]
[Result "1/2-1/2"]
[WhiteElo "2390"]
[BlackElo "2345"]
[PlyCount "81"]
[EventDate "1994.??.??"]

1. d4 c5 2. dxc5 e6 3. Nd2 Nf6 4. Nc4 Bxc5 5. Nd6+ Ke7 6. Nxc8+ Qxc8 7. Nf3 Ne4
8. e3 d5 9. Bd3 Rd8 10. O-O Kf8 11. Qe2 Nd7 12. c4 Ndf6 13. cxd5 exd5 14. b3
Qe6 15. Bb2 Rac8 16. Nd4 Bxd4 17. Bxd4 a6 18. Qb2 Rc6 19. b4 Nd6 20. b5 axb5
21. Bxb5 Nxb5 22. Qxb5 b6 23. Rab1 Kg8 24. Rfc1 Rcd6 25. a4 Nd7 26. Rc7 h5 27.
Rbc1 Ne5 28. Bxe5 Qxe5 29. g3 h4 30. R7c4 Rh6 31. Rd4 Qf5 32. e4 Qg5 33. Re1
hxg3 34. fxg3 Re6 35. Rdd1 Re5 36. exd5 Rdxd5 37. Qxb6 Qe7 38. Qf2 Rxd1 39.
Rxd1 Re2 40. Qf3 Re3 41. Rd8+ 1/2-1/2

[Event "BL 9394 Dortmund-Erfurt"]
[Site "?"]
[Date "1994.??.??"]
[Round "?.4"]
[White "Lingnau, C."]
[Black "Enders, P."]
[Result "0-1"]
[WhiteElo "2395"]
[BlackElo "2465"]
[PlyCount "186"]
[EventDate "1994.??.??"]

1. d4 Nf6 2. c4 g6 3. g3 Bg7 4. Bg2 O-O 5. Nc3 c5 6. Nf3 Nc6 7. O-O d6 8. dxc5
dxc5 9. Bf4 Qa5 10. Qa4 Nh5 11. Qxa5 Nxa5 12. Nd5 Nxf4 13. Nxe7+ Kh8 14. gxf4
Nxc4 15. Rac1 Be6 16. Ng5 Nxb2 17. Bxb7 Rab8 18. Bf3 Bc4 19. Rc2 Rb4 20. Nc6
Bxa2 21. Nxb4 cxb4 22. Rc7 a6 23. Ra1 Bc4 24. Rc1 b3 25. R1xc4 Nxc4 26. Nxf7+
Rxf7 27. Rxf7 Nd2 28. Bd5 b2 29. Ba2 Bc3 30. Rf8+ Kg7 31. Rf7+ Kh6 32. Rb7 a5
33. Kg2 Bb4 34. Bg8 Kh5 35. Rxh7+ Kg4 36. Ba2 Kxf4 37. e3+ Ke5 38. h4 b1=Q 39.
Bxb1 Nxb1 40. h5 gxh5 41. Rxh5+ Ke4 42. Rh8 Nc3 43. Re8+ Kd3 44. f4 a4 45. Kf3
a3 46. f5 a2 47. Ra8 Kc4 48. f6 Kb5 49. Rb8+ Kc6 50. Ra8 Kb7 51. Rxa2 Nxa2 52.
Ke4 Kc6 53. Kf5 Kd7 54. e4 Nc3 55. e5 Ba3 56. e6+ Ke8 57. Kg6 Nd5 58. Kf5 Bb2
59. f7+ Ke7 60. Ke4 Nc7 61. Kf5 Nxe6 62. Ke4 Kxf7 63. Kd5 Kf6 64. Ke4 Be5 65.
Kd5 Kf5 66. Kc6 Ke4 67. Kd7 Kd5 68. Kc8 Nc5 69. Kd8 Kd6 70. Kc8 Bf6 71. Kb8 Kd7
72. Ka8 Kc7 73. Ka7 Be5 74. Ka8 Nd7 75. Ka7 Nb6 76. Ka6 Kc6 77. Ka7 Bd6 78. Ka6
Bb8 79. Ka5 Nd5 80. Ka6 Nb4+ 81. Ka5 Kc5 82. Ka4 Kc4 83. Ka5 Bc7+ 84. Ka4 Nd3
85. Ka3 Bb6 86. Ka4 Nb2+ 87. Ka3 Kc3 88. Ka2 Kc2 89. Ka3 Bc5+ 90. Ka2 Nd3 91.
Ka1 Bd6 92. Ka2 Nc1+ 93. Ka1 Be5# 0-1

[Event "BL 9394 Dortmund-Erfurt"]
[Site "?"]
[Date "1994.??.??"]
[Round "?.5"]
[White "Mueller, Mat"]
[Black "Buecker, S."]
[Result "0-1"]
[WhiteElo "2350"]
[BlackElo "2335"]
[PlyCount "62"]
[EventDate "1994.??.??"]

1. e4 e5 2. Nf3 d6 3. d4 Nf6 4. Nc3 Nbd7 5. Bc4 Be7 6. O-O O-O 7. Re1 c6 8. a4
h6 9. Ba2 a5 10. h3 Nh7 11. Be3 Kh8 12. Qe2 Ng5 13. Rad1 Nxf3+ 14. Qxf3 f5 15.
exf5 d5 16. g4 Bd6 17. dxe5 Nxe5 18. Qg2 h5 19. Bd4 Nf7 20. Ne2 Qh4 21. f4 hxg4
22. hxg4 Nh6 23. c4 Nxg4 24. cxd5 c5 25. Bc3 Bxf5 26. Qg3 Qh5 27. Qg2 Qh7 28.
Ng3 Bxf4 29. Nxf5 Bh2+ 30. Kh1 Nf2+ 31. Qxf2 Bg3+ 0-1

[Event "BL 9394 Dortmund-Erfurt"]
[Site "?"]
[Date "1994.??.??"]
[Round "?.6"]
[White "Seger, R."]
[Black "Troyke, C."]
[Result "1/2-1/2"]
[WhiteElo "2350"]
[BlackElo "2375"]
[PlyCount "38"]
[EventDate "1994.??.??"]

1. e4 c5 2. c3 d6 3. d4 Nf6 4. Bd3 cxd4 5. cxd4 g6 6. Nf3 Bg7 7. O-O O-O 8. h3
Nc6 9. Nc3 e5 10. Be3 exd4 11. Nxd4 d5 12. Nxc6 bxc6 13. exd5 Nxd5 14. Nxd5
Qxd5 15. Qc2 Rb8 16. Be4 Bf5 17. Bxf5 Rxb2 18. Qa4 Qxf5 19. Qxa7 Rb5 1/2-1/2